Batman : Kinightfall & Beyond

Bibliographic Details
Main Author: Grant, Alan
Format: Book
Language:English
Published: New York : Bantam Books , 1994
Subjects:

MARC

LEADER 00000cam a2200000 7i4500
001 0000102704
005 20210427.0
008 100526 eng
020 |a 0553481878 
090 0 0 |a F GRA 
100 1 |a Grant, Alan 
245 1 0 |a Batman :   |b Kinightfall & Beyond   |c Alan Grant 
260 |a New York :   |b Bantam Books ,   |c 1994 
300 |a 157 pages ;   |c 18cm. 
650 0 0 |a English fiction 
999 |a 0000205679   |b Buku   |c Rak Terbuka   |e Perbadanan Perpustakaan Awam Melaka